000 00494nam a2200157Ia 4500
008 220214s9999 xx 000 0 und d
245 0 _aRubber Journal and International Plastics
246 _aRubber and Plastics Weekly
247 _a1. Rubber Journal 2. India Rubber Journal
260 _bMaclaren and Sons Ltd., London
_aUK
310 _aW
500 _aEnding Volume & Year: 139, 1960
500 _aMissing Volume: 136(19-20)
500 _aStarting Volume & Year: 134, 1958
942 _cBJ
999 _c2014
_d2014